| 000 | 00506ntaaa2200193 4500 | ||
|---|---|---|---|
| 003 | 01 | ||
| 005 | 20251027202822.0 | ||
| 008 | 0714s1973 ag 01 | ||
| 040 |
_aAR-BaBN _bspa _cAR-BaBN _eaacr _dRIC |
||
| 082 | _a920.0000 N56 | ||
| 100 |
_aWilson, W.G. _928690 |
||
| 245 | _aFlorencia Nightingale | ||
| 250 | _a1 ed. | ||
| 260 |
_aBuenos Aires : _bJunta Bautista de Publicaciones, _cs.f. |
||
| 300 | _a32 p | ||
| 500 | _aLa dama de la lámpara. | ||
| 650 |
_aNightingale-biografía _928691 |
||
| 942 | _cBK | ||
| 999 |
_c23588 _d23588 |
||